| 000 | 01029nam a22003257a 4500 | ||
|---|---|---|---|
| 001 | BR7100168 | ||
| 003 | BR-BrBNA | ||
| 005 | 20230928083640.0 | ||
| 007 | ta | ||
| 008 | 230509b bl.||||| |||| 00| 0 por d | ||
| 040 |
_aBR-BrBNA _bpor _cBiblioteca Nacional de Agricultura |
||
| 041 | _a(Por) | ||
| 072 |
_aL30 _b9330 _b0120 _b5300 |
||
| 090 | _ 9330 BR7100168 | ||
| 100 | 1 | _aSanchez, J.E.P. | |
| 110 | 1 |
_aUniversidade Federal de Vicosa, MG (Brasil) _0Tese (Magister Scientiae) |
|
| 245 | 1 | _aUso do melaco como substituto parcial do milho em racoes de crescimento - engorda de suinos [Zea mays] | |
| 260 | 3 |
_aVicosa, MG (Brasil): _c1971. |
|
| 300 | _a52 p. | ||
| 500 | _a18 tables; 7 graphs; 25 ref.; Summary (Por). (*) Documento disponível na(o) Universidade Federal de Vicosa, MG (Brazil) | ||
| 650 | _aNutricao vegetal | ||
| 650 | _aSuino | ||
| 650 | _aMelaco | ||
| 650 | _aMilho | ||
| 650 | _aRacao | ||
| 650 | _aCrescimento | ||
| 650 | _aEngorda | ||
| 909 |
_a202309 _bLucia _c55 _dLucia Elande |
||
| 942 | _cBK | ||
| 999 |
_c14626 _d14626 |
||